Normal view
MARC view
Entry Personal Name
001 - CONTROL NUMBER
- control field: 256908
003 - CONTROL NUMBER IDENTIFIER
- control field: OSt
005 - DATE AND TIME OF LATEST TRANSACTION
- control field: 20220925182634.0
008 - FIXED-LENGTH DATA ELEMENTS
- fixed length control field: 220925|| aca||aabn | a|a d
040 ## - CATALOGING SOURCE
- Original cataloging agency: OSt
- Transcribing agency: OSt
100 ## - HEADING--PERSONAL NAME
- Personal name: Khan Masihur Rahman
670 ## - SOURCE DATA FOUND
- Source citation: Work cat.: (OSt)502725: Khan Masihur Rahman, Bangladesh population during the First Five Year Plan period (1972-77), 1972
